<?xml version="1.0" encoding="UTF-8"?>
<marc:record xmlns:marc="http://www.loc.gov/MARC21/slim">
   <marc:leader>00000nam a2200000 a 4500</marc:leader>
   <marc:datafield ind1="1" ind2=" " tag="100">
      <marc:subfield code="a">Bassewitz, Gerdt von</marc:subfield>
      <marc:subfield code="4">aut</marc:subfield>
      <marc:subfield code="e">Verfasser/-in</marc:subfield>
   </marc:datafield>
   <marc:datafield ind1="0" ind2="0" tag="245">
      <marc:subfield code="a">Peterchens Mondfahrt</marc:subfield>
   </marc:datafield>
   <marc:datafield ind1=" " ind2="1" tag="264">
      <marc:subfield code="b">Tandem Verlag GmbH</marc:subfield>
      <marc:subfield code="c">2014</marc:subfield>
   </marc:datafield>
   <marc:datafield ind1="1" ind2=" " tag="520">
      <marc:subfield code="a">Der Maikäfer Sumsemann möchte sein sechstes Bein zurückholen, das vor langer Zeit auf den Mond gezaubert wurde. Doch diese Tat kann nur mit Hilfe zweier guter Menschenkinder gelingen. Zum Glück fliegt Herr Sumsemann eines Tages in das Kinderzimmer von Peter und Anneliese ...</marc:subfield>
   </marc:datafield>
   <marc:datafield ind1=" " ind2=" " tag="020">
      <marc:subfield code="a">9783842714809</marc:subfield>
      <marc:subfield code="9">9783842714809</marc:subfield>
   </marc:datafield>
</marc:record>
